000 00809nab a2200253 u 4500
001 09452
003 HDC
007 cr bn ---aaaaa
008 210202c20140911my dr|nes 0 a may d
040 _aHDC
245 0 _aAmal peraturan halal 100 peratus
260 _aKuala Lumpur :
_bNew Straits Times Press (M) Bhd.,
_c2014
336 _atext
_2rdacontent
337 _acomputer
_2rdamedia
338 _aonline resource
_2rdacarrier
650 _aHalal industry
_9144
650 _aHotel industry
_95315
650 _aTourism industry
_92298
710 _aHarian Metro
856 _zRequest full-text at [email protected]
942 _2lcc
942 _cNEWS
942 _kNWSC 000908
999 _c6775
_d6775